Hot days, long nights : (Record no. 160364)

MARC details
000 -LEADER
fixed length control field 00492nam a22001697a 4500
005 - DATE AND TIME OF LATEST TRANSACTION
control field 20190128121954.0
010 ## - LCCN (DPL NO)
LC control number B-129690
020 ## - INTERNATIONAL STANDARD BOOK NUMBER
International Standard Book Number 8123740352
Terms of availability 80.00
035 ## - SYSTEM CONTROL NUMBER
System control number B-129690
037 ## - SOURCE OF ACQUISITION
Source of stock number/acquisition National Book Trust, India
082 ## - DEWEY DECIMAL CLASSIFICATION NUMBER
Classification number S
245 ## - TITLE STATEMENT
Title Hot days, long nights :
Remainder of title An anthoogy of african short stories
Statement of responsibility, etc Nadezda Obradovic
260 ## - PUBLICATION, DISTRIBUTION, ETC. (IMPRINT)
Place of publication, distribution, etc New Delhi
Name of publisher, distributor, etc National Book Trust, India
Date of publication, distribution, etc 2000
300 ## - PHYSICAL DESCRIPTION
Extent 312p.
Dimensions 22cm(pbk)
700 ## - ADDED ENTRY--PERSONAL NAME
Personal name Obradovic, Nadezda
942 ## - ADDED ENTRY ELEMENTS (KOHA)
Source of classification or shelving scheme Dewey Decimal Classification
Item type English Books
Classification part S
Call number suffix HOT
Holdings
Withdrawn status Lost status Not for loan Collection code Home library Current library Date acquired Full call number Barcode Koha item type
      Fiction Sarojini Nagar Sarojini Nagar 28/01/2019 S HOT B-129690 English Books

© Delhi Public Library
Hit Counter
free hit counter